000 00520nam a2200181Ia 4500
008 140626s9999 xx 000 0 und d
100 _aRoysamb, Espen.
245 4 _aThe joint structure of DSM-IV axis I and axis II disorders /
_cEspen Roysamb ... [et al.].
260 _cc2011.
300 _a120 : 1, page 198
440 _aJournal of Abnormal Psychology
521 _aPSYCH
650 _aAXIS I and II.
650 _aDSM-IV.
650 _aFactor analysis.
650 _aPersonality disorders.
942 _cSE
999 _c121274
_d121274